| 000 | 00474nam a2200169Ia 4500 | ||
|---|---|---|---|
| 999 |
_c20516 _d20516 |
||
| 003 | OSt | ||
| 005 | 20200707132521.0 | ||
| 008 | 190216s9999||||xx |||||||||||||| ||und|| | ||
| 020 | _a8170226791 | ||
| 040 | _coclc | ||
| 082 |
_a958 _bRAH/C |
||
| 100 |
_aRahul, Ram _93617 |
||
| 245 | 0 |
_aCentral Asia An Outline History / _cRam Rahul |
|
| 260 |
_bConcept Publishing, _c1997. _aNew Delhi: |
||
| 300 | _a170p | ||
| 942 |
_cBK _2ddc _h958 _iRAH/C _k958 _mRAH/C |
||